000 00448nam a2200181Ia 4500
005 20250423100639.0
008 250422s9999 xx 000 0 und d
020 _a0-13-204767-5
050 _aTA 340 .P76/
245 0 _aProbability and statistics for engineering and scientist
250 _a8th ed.
260 _aNew Jersey
260 _bPearson International
260 _c2007
300 _a816 p
650 _aMathematics
942 _cBK
999 _c33939
_d33939